Arrow Puzzle #1 Sudden Death - Statistics

General Stats
  • This quiz has been taken 32 times
  • The average score is 48 of 67
Answers on the Grid
Answers color-coded by a green-red scale on the quiz's grid according to % correct below.
 
Answer Stats
Answer % Correct
89%
85%
85%
81%
81%
81%
81%
81%
78%
78%
78%
78%
78%
74%
74%
74%
74%
74%
74%
74%
70%
70%
70%
70%
70%
70%
70%
70%
70%
70%
70%
70%
70%
70%
70%
70%
70%
70%
70%
70%
70%
70%
70%
70%
70%
70%
70%
70%
70%
70%
70%
70%
70%
70%
70%
67%
67%
67%
67%
67%
67%
67%
67%
63%
63%
63%
63%
No matching quizzes found
Score Distribution
Percent of People with Each Score
Percentile by Number Answered
Your Score History
You have not taken this quiz